000 00685nam a2200265Ia 4500
003 OSt
005 20221006143917.0
006 a|||||r|||| 00| 0
007 ta
008 221006b |||||||| |||| 00| 0 eng d
020 _c
_4.50
024 _a10,377
037 _cTextual
040 _aEASL
_cEASL
_beng
041 _2eng
_aeng
082 _aW.41.N5, K2
100 _aQUIGLEY Harold S
_9109823
245 0 _aChina's politics in perspective
260 _aMinneapolis
_bThe University of Minnesota Press
_c1953
300 _a1962
_ccm.
490 _v CEL
650 _aCEL
942 _hW.41.N5, K2
_cTEXL
_2CC
999 _c1078463
_d1078463